10 maiores religiões do mundo - Statistics

Estatísticas Gerais
  • Esse quiz foi jogado 752 vezes
  • A pontuação média é 5 de 10
Estatísticas das Respostas
Adeptos Religião % Correto
~2 bilhões Cristianismo
96%
~450 milhões Budismo
90%
~1,6 bilhões Islamismo
88%
~900 milhões Hinduísmo
74%
~17 milhões Judaísmo
72%
~20 milhões Espiritismo
28%
~50 milhões Xintoísmo
28%
~20 milhões Taoísmo
19%
~1,1 bilhões Sem religião
14%
~26 milhões Sikhismo
7%
Nenhum quiz correspondente encontrado
Distribuição das Pontuações
Porcentagem de Pessoas com Cada Pontuação
Percentil de Números Respondidos
Sua Pontuação Histórica
Você não jogou esse quiz